000 00407nam a2200181Ia 4500
001 11687
005 20260306162846.0
008 260306t1960||||xx |||||||||||||| ||spa||
041 _aESP
082 _a987.04
_bM27
100 _aMasur, Gerhard
_eAUT
245 0 _aSimón Bolivar
260 _c1960
300 _a614 páginas :
_c22 cm.
650 _aGEN
654 _aCHU
942 _cLIB
_dJUS
_fJUS
_2ddc
_n
999 _c11687
_d11687